[Event "ODEM U25A 2011"]
[Site "Oberhof GER"]
[Date "2011.06.12"]
[Round "1"]
[White "Papusha, Maxim"]
[Black "Grigoryeva, Olga"]
[Result "1/2-1/2"]
[Termination "normal"]
[Board "8"]
[WhiteElo "1745"]
[BlackElo "2087"]
[PlyCount "65"]
[WhiteFideId "12915246"]
[BlackFideId "24132594"]
[EventCountry "GER"]
[EventRounds "9"]
[EventType "swiss"]
[EventDate "2011.06.11"]

1. e4 c5 2. Nf3 Nc6 3. d4 cxd4 4. Nxd4 e5 5. Nb5 d6 6. c4 Be6 7. N1c3 a6 8. Na3
Be7 9. Be2 Bg5 10. O-O Bxc1 11. Rxc1 Nge7 12. Qd2 Nd4 13. f4 Nxe2+ 14. Nxe2
Qb6+ 15. Kh1 exf4 16. Nxf4 O-O 17. b4 Ng6 18. Nd5 Bxd5 19. exd5 a5 20. Rb1 axb4
21. Rxb4 Qc5 22. Rf3 Ne5 23. Rfb3 Rxa3 24. Rxa3 Nxc4 25. Rxc4 Qxc4 26. h3 Re8
27. Rc3 Qf1+ 28. Kh2 g6 29. Qd4 Qe2 30. Rc7 Qxa2 31. Rxb7 Qe2 32. Qf4 Re7 33.
Rb8+ 1/2-1/2

[Event "ODEM U25A 2011"]
[Site "Oberhof GER"]
[Date "2011.06.12"]
[Round "1"]
[White "Wurm, Alexander"]
[Black "Tarakanova, Valeria"]
[Result "1-0"]
[Termination "normal"]
[Board "9"]
[WhiteElo "2062"]
[BlackElo "1740"]
[PlyCount "87"]
[WhiteFideId "24637246"]
[BlackFideId "24179205"]
[EventCountry "GER"]
[EventRounds "9"]
[EventType "swiss"]
[EventDate "2011.06.11"]

1. d4 Nf6 2. c4 e6 3. Nf3 Bb4+ 4. Bd2 Qe7 5. g3 O-O 6. Bg2 Ne4 7. O-O Nc6 8.
Be3 Qd8 9. a3 Be7 10. d5 Na5 11. Qc2 exd5 12. cxd5 Nd6 13. Nbd2 b6 14. b4 Nab7
15. Nd4 Bf6 16. Rac1 Re8 17. N2b3 a5 18. Bd2 a4 19. Bc3 axb3 20. Qxb3 Bxd4 21.
Bxd4 Rxe2 22. Bf3 Re8 23. Qd3 c5 24. dxc6 dxc6 25. Bxc6 Nf5 26. Bxe8 Qxd4 27.
Rxc8 Qxd3 28. Rxa8 Nd8 29. Ba4 Kf8 30. Rd1 Qxa3 31. Raxd8+ Ke7 32. Bc2 Kf6 33.
R8d5 g6 34. Bxf5 gxf5 35. Rd6+ Kg7 36. Rxb6 Qb3 37. Rd4 Qc3 38. Rbd6 h5 39. b5
Qc5 40. b6 f4 41. Kg2 fxg3 42. hxg3 h4 43. b7 hxg3 44. b8=Q 1-0

[Event "ODEM U25A 2011"]
[Site "Oberhof GER"]
[Date "2011.06.12"]
[Round "1"]
[White "Münch, Marlene"]
[Black "Nötzel, Felix"]
[Result "0-1"]
[Termination "normal"]
[Board "10"]
[WhiteElo "1839"]
[BlackElo "2042"]
[PlyCount "76"]
[WhiteFideId "24639222"]
[BlackFideId "24637416"]
[EventCountry "GER"]
[EventRounds "9"]
[EventType "swiss"]
[EventDate "2011.06.11"]

1. d4 d5 2. c4 e6 3. Nc3 c6 4. e4 dxe4 5. Nxe4 Bb4+ 6. Bd2 Qxd4 7. Bxb4 Qxe4+
8. Be2 Na6 9. Bc3 Nf6 10. Qd6 Bd7 11. O-O-O O-O-O 12. Ba5 Ne8 13. Qa3 Nec7 14.
c5 e5 15. f3 Qf4+ 16. Bd2 Qh4 17. g3 Qe7 18. b4 Bf5 19. Qb2 Rd7 20. g4 Bg6 21.
Nh3 Rhd8 22. Nf2 f6 23. Ne4 Bxe4 24. fxe4 Rd4 25. Bf3 Ne6 26. a3 Nac7 27. a4
Qf7 28. Be3 Rd3 29. Rxd3 Rxd3 30. Qe2 Nxc5 31. Bxc5 Qc4+ 32. Qc2 Rc3 33. Bd1
Ne6 34. Bxa7 Nd4 35. Bxd4 exd4 36. Kd2 Rxc2+ 37. Bxc2 Qc3+ 38. Kc1 d3 0-1

[Event "ODEM U25A 2011"]
[Site "Oberhof GER"]
[Date "2011.06.12"]
[Round "1"]
[White "Walter, Florian"]
[Black "Wissel, Daniel"]
[Result "1-0"]
[Termination "normal"]
[Board "11"]
[WhiteElo "2083"]
[BlackElo "1724"]
[PlyCount "89"]
[WhiteFideId "24677450"]
[EventCountry "GER"]
[EventRounds "9"]
[EventType "swiss"]
[EventDate "2011.06.11"]

1. c4 b6 2. Nc3 Bb7 3. Nf3 e6 4. g3 Nf6 5. Bg2 d5 6. O-O Bd6 7. d4 O-O 8. b3 c5
9. e3 Nc6 10. Bb2 Ba6 11. Re1 dxc4 12. bxc4 Rc8 13. Nb5 cxd4 14. Nfxd4 Nxd4 15.
Qxd4 Bb4 16. Red1 Qe7 17. Qf4 Ne8 18. Rac1 Bxb5 19. cxb5 Rxc1 20. Rxc1 Ba3 21.
Qd4 e5 22. Qc3 Bxb2 23. Qxb2 e4 24. Qd4 f5 25. a4 Rf6 26. Rc8 Kf8 27. Qd5 Qe6
28. Qa8 Rf7 29. Bf1 Rd7 30. Bc4 Qe5 31. Qc6 Qa1+ 32. Kg2 Qd1 33. Be2 Qd6 34.
Bh5 g6 35. Qc3 Rd8 36. Qh8+ Kf7 37. Qxh7+ Ng7 38. Qxg6+ Qxg6 39. Bxg6+ Ke7 40.
Rxd8 Kxd8 41. g4 Ne6 42. gxf5 Nc5 43. f6 Kd7 44. h4 Ke6 45. f7 1-0

[Event "ODEM U25A 2011"]
[Site "Oberhof GER"]
[Date "2011.06.12"]
[Round "1"]
[White "Zuferi, Enis"]
[Black "Orhan, Eda"]
[Result "1-0"]
[Termination "normal"]
[Board "13"]
[WhiteElo "2009"]
[BlackElo "1759"]
[PlyCount "63"]
[WhiteFideId "24692530"]
[BlackFideId "24659258"]
[EventCountry "GER"]
[EventRounds "9"]
[EventType "swiss"]
[EventDate "2011.06.11"]

1. d4 d5 2. c4 c6 3. Nc3 Nf6 4. Nf3 Bf5 5. cxd5 cxd5 6. Qb3 Qd7 7. Ne5 Qc7 8.
Bf4 Qb6 9. Nxd5 Nxd5 10. Qxd5 e6 11. Qc4 Bb4+ 12. Kd1 O-O 13. e3 Rd8 14. Bd3
Bxd3 15. Nxd3 Bd6 16. Bxd6 Qxd6 17. Ke2 Nd7 18. Rac1 Nb6 19. Qc5 Rac8 20. Qxd6
Rxd6 21. Rxc8+ Nxc8 22. Rc1 Rc6 23. Rxc6 bxc6 24. Ne5 Ne7 25. e4 f6 26. Nd7 Kf7
27. Kd3 Nc8 28. Nb8 Ne7 29. Kc4 Ke8 30. Kc5 Kd8 31. Nxc6+ Nxc6 32. Kxc6 1-0

[Event "ODEM U25A 2011"]
[Site "Oberhof GER"]
[Date "2011.06.12"]
[Round "1"]
[White "Humburg, Philipp"]
[Black "Müller, Philipp"]
[Result "1/2-1/2"]
[Termination "normal"]
[Board "14"]
[WhiteElo "1672"]
[BlackElo "2035"]
[PlyCount "31"]
[WhiteFideId "24656151"]
[BlackFideId "24683701"]
[EventCountry "GER"]
[EventRounds "9"]
[EventType "swiss"]
[EventDate "2011.06.11"]

1. d4 d5 2. c4 Nc6 3. e3 e5 4. cxd5 Qxd5 5. Nc3 Bb4 6. Bd2 Bxc3 7. bxc3 Qd6 8.
Bb5 Nge7 9. Ne2 O-O 10. O-O Be6 11. Qc2 Rad8 12. f4 exd4 13. cxd4 Nb4 14. Bxb4
Qxb4 15. Rfb1 Qa3 16. Bd3 1/2-1/2

[Event "ODEM U25A 2011"]
[Site "Oberhof GER"]
[Date "2011.06.12"]
[Round "1"]
[White "Adelhütte, Dennis"]
[Black "Marx, Inga"]
[Result "1/2-1/2"]
[Termination "normal"]
[Board "15"]
[WhiteElo "2003"]
[BlackElo "1773"]
[PlyCount "55"]
[WhiteFideId "4661265"]
[BlackFideId "4654749"]
[EventCountry "GER"]
[EventRounds "9"]
[EventType "swiss"]
[EventDate "2011.06.11"]

1. e4 c6 2. Nf3 g6 3. Nc3 d5 4. d4 Bg4 5. exd5 cxd5 6. Bb5+ Nc6 7. h3 Bxf3 8.
Qxf3 e6 9. O-O Bg7 10. Be3 Nge7 11. Rad1 O-O 12. Bxc6 Nxc6 13. a3 Na5 14. b3
Rc8 15. Bf4 Rc6 16. Rd3 a6 17. Re1 Qd7 18. h4 h6 19. Bd2 Qc7 20. Bf4 Qd7 21.
Qe3 Kh7 22. Qd2 Rfc8 23. Be5 Bxe5 24. Rxe5 Qc7 25. Ree3 b5 26. Qe2 Nb7 27. Qf3
Nd6 28. g4 1/2-1/2

[Event "ODEM U25A 2011"]
[Site "Oberhof GER"]
[Date "2011.06.12"]
[Round "1"]
[White "Gefnider, Andreas"]
[Black "Fichtner, Ewald"]
[Result "1/2-1/2"]
[Termination "normal"]
[Board "16"]
[WhiteElo "1697"]
[BlackElo "1991"]
[PlyCount "90"]
[WhiteFideId "12900176"]
[BlackFideId "1270194"]
[EventCountry "GER"]
[EventRounds "9"]
[EventType "swiss"]
[EventDate "2011.06.11"]

1. e4 c6 2. Nf3 d5 3. exd5 cxd5 4. d4 Nc6 5. Bd3 Bg4 6. c3 Qc7 7. Bg5 Nf6 8.
Nbd2 e6 9. Qc2 Bd6 10. h3 Bh5 11. Bxf6 gxf6 12. Bxh7 f5 13. g4 Rxh7 14. gxh5
O-O-O 15. O-O-O Rxh5 16. Rdg1 Rdh8 17. h4 Bf4 18. Kb1 Ne7 19. Rh3 Ng6 20. Rgh1
Bd6 21. Nf1 f4 22. N1d2 Kb8 23. Ne1 Rxh4 24. Rxh4 Rxh4 25. Rxh4 Nxh4 26. Qh7
Ng6 27. Qg8+ Bf8 28. Ndf3 Qe7 29. Nd3 Kc7 30. Nde5 Nxe5 31. Nxe5 f6 32. Ng6 Qg7
33. Qxg7+ Bxg7 34. Nxf4 Kd6 35. Kc2 Bh6 36. Ne2 e5 37. f3 Ke6 38. Kd3 Kf5 39.
dxe5 fxe5 40. c4 e4+ 41. fxe4+ dxe4+ 42. Kd4 Bg7+ 43. Kd5 Be5 44. b4 e3 45. c5
a6 1/2-1/2

[Event "ODEM U25A 2011"]
[Site "Oberhof GER"]
[Date "2011.06.12"]
[Round "1"]
[White "Tomaszewska, Luiza"]
[Black "Wissel, Florian"]
[Result "1-0"]
[Termination "normal"]
[Board "17"]
[WhiteElo "1994"]
[BlackElo "1676"]
[PlyCount "57"]
[WhiteFideId "1171089"]
[EventCountry "GER"]
[EventRounds "9"]
[EventType "swiss"]
[EventDate "2011.06.11"]

1. e4 d5 2. exd5 Qxd5 3. Nc3 Qa5 4. d4 Nf6 5. Nf3 Bg4 6. Be2 Nbd7 7. O-O e6 8.
a3 c6 9. Re1 Bd6 10. Ne5 Bf5 11. Nxd7 Nxd7 12. Bg4 O-O 13. Bd2 Bxg4 14. Qxg4
Nf6 15. Qh3 Qb6 16. Bg5 Nd5 17. Ne4 Be7 18. c4 Nf6 19. Nxf6+ Bxf6 20. Bxf6 gxf6
21. Re4 Qxb2 22. Rae1 Kh8 23. Qh4 Rg8 24. Qxf6+ Rg7 25. Rg4 Rag8 26. h4 Qd2 27.
Ree4 Qa5 28. Rxg7 Rxg7 29. Rg4 1-0

[Event "ODEM U25A 2011"]
[Site "Oberhof GER"]
[Date "2011.06.12"]
[Round "1"]
[White "Hoffmann, Tim"]
[Black "Münch, Robert"]
[Result "0-1"]
[Termination "normal"]
[Board "18"]
[WhiteElo "1673"]
[BlackElo "1908"]
[PlyCount "72"]
[WhiteFideId "12900338"]
[BlackFideId "4626028"]
[EventCountry "GER"]
[EventRounds "9"]
[EventType "swiss"]
[EventDate "2011.06.11"]

1. e4 c5 2. Nf3 d6 3. d4 cxd4 4. Nxd4 Nf6 5. Nc3 g6 6. Bc4 Bg7 7. h3 Nc6 8. Be3
Bd7 9. Qd2 Rc8 10. Bb3 O-O 11. O-O-O Na5 12. f4 Nxb3+ 13. Nxb3 Rxc3 14. Qxc3
Nxe4 15. Qe1 Qc7 16. Bd4 Rc8 17. c3 d5 18. Rf1 Bh6 19. Be3 Qd6 20. g4 a5 21. f5
Bxe3+ 22. Qxe3 a4 23. Nd4 a3 24. fxg6 axb2+ 25. Kxb2 Qb6+ 26. Ka1 fxg6 27. Qf3
Qd6 28. Ne2 Be6 29. Qe3 Qa6 30. Nd4 Rxc3 31. Nxe6 Qxe6 32. Qd4 Rc5 33. g5 Qxh3
34. Qa4 Rc8 35. Rc1 Qe6 36. Qb5 Qe5+ 0-1

[Event "ODEM U25A 2011"]
[Site "Oberhof GER"]
[Date "2011.06.12"]
[Round "1"]
[White "Becker, Matthias"]
[Black "Holle, Eric"]
[Result "1/2-1/2"]
[Termination "normal"]
[Board "21"]
[WhiteElo "1912"]
[BlackElo "1685"]
[PlyCount "42"]
[WhiteFideId "12915564"]
[BlackFideId "4624610"]
[EventCountry "GER"]
[EventRounds "9"]
[EventType "swiss"]
[EventDate "2011.06.11"]

1. e4 e6 2. d4 d5 3. Nc3 Nf6 4. e5 Nfd7 5. f4 c5 6. Nf3 Nc6 7. Be3 cxd4 8. Nxd4
Bc5 9. Be2 O-O 10. Qd2 f6 11. Nxe6 Bxe3 12. Qxe3 Qa5 13. Nd4 fxe5 14. fxe5
Ndxe5 15. Nxc6 Nxc6 16. Qd2 d4 17. Ne4 Qe5 18. Ng3 Bg4 19. O-O-O Bxe2 20. Qxe2
Qd5 21. Kb1 Nb4 1/2-1/2

[Event "ODEM U25A 2011"]
[Site "Oberhof GER"]
[Date "2011.06.12"]
[Round "1"]
[White "Müller, Max"]
[Black "Siebarth, Marco"]
[Result "0-1"]
[Termination "normal"]
[Board "22"]
[WhiteElo "1639"]
[BlackElo "2034"]
[PlyCount "100"]
[WhiteFideId "12900486"]
[BlackFideId "24604330"]
[EventCountry "GER"]
[EventRounds "9"]
[EventType "swiss"]
[EventDate "2011.06.11"]

1. e4 c5 2. c3 d5 3. e5 Nc6 4. d4 cxd4 5. cxd4 Bf5 6. Nc3 e6 7. Nf3 h6 8. a3
Rc8 9. Be2 f6 10. exf6 Nxf6 11. O-O Bd6 12. Nb5 Bb8 13. Be3 a6 14. Nc3 O-O 15.
Qd2 Qd6 16. g3 Qe7 17. Nh4 Bh7 18. Bd3 g5 19. Ng2 Ne4 20. Qc2 Nd6 21. f4 g4 22.
Bxh7+ Qxh7 23. Qe2 h5 24. Bf2 Rfe8 25. Rad1 Nf5 26. Ne1 Ba7 27. Nc2 Qg7 28. Qd3
Qf6 29. Rd2 Rc7 30. Re1 Kf7 31. Red1 Rec8 32. Ne2 Na5 33. b3 Kg7 34. Ne3 Nd6
35. b4 Nac4 36. Rc2 Nxe3 37. Rxc7+ Rxc7 38. Bxe3 Rc4 39. Rc1 b5 40. Rxc4 dxc4
41. Qd1 Qf5 42. Kf2 Qd5 43. Nc3 Ne4+ 44. Nxe4 Qxe4 45. Qd2 Kg6 46. Qc3 Kf5 47.
Qd2 Kf6 48. Qc3 Ke7 49. Qd2 Kd6 50. Qc3 Kd5 0-1

[Event "ODEM U25A 2011"]
[Site "Oberhof GER"]
[Date "2011.06.12"]
[Round "1"]
[White "van gen Hassend, Max"]
[Black "Bieg, Pascal"]
[Result "1-0"]
[Termination "normal"]
[Board "23"]
[WhiteElo "1988"]
[BlackElo "1841"]
[PlyCount "55"]
[WhiteFideId "12934569"]
[BlackFideId "12915645"]
[EventCountry "GER"]
[EventRounds "9"]
[EventType "swiss"]
[EventDate "2011.06.11"]

1. e4 c5 2. Nf3 d6 3. d4 cxd4 4. Nxd4 Nf6 5. Nc3 g6 6. Be3 Bg7 7. Bc4 O-O 8. f3
Nc6 9. Qd2 Bd7 10. O-O-O Rc8 11. Bb3 Ne5 12. Kb1 a6 13. Bh6 b5 14. h4 Bxh6 15.
Qxh6 Rxc3 16. bxc3 Qa5 17. h5 g5 18. Qxg5+ Kh8 19. g4 Qa3 20. Qc1 Qa5 21. g5
Ng8 22. g6 fxg6 23. hxg6 Nxg6 24. Bxg8 Rxg8 25. Qh6 Nf8 26. Qd2 Be8 27. Nb3 Qc7
28. Qd4+ 1-0

[Event "ODEM U25A 2011"]
[Site "Oberhof GER"]
[Date "2011.06.12"]
[Round "1"]
[White "Planner, Jörg"]
[Black "Hübner, Alan-Ari"]
[Result "1-0"]
[Termination "normal"]
[Board "25"]
[WhiteElo "1844"]
[BlackElo "1625"]
[PlyCount "57"]
[WhiteFideId "1270978"]
[BlackFideId "12903965"]
[EventCountry "GER"]
[EventRounds "9"]
[EventType "swiss"]
[EventDate "2011.06.11"]

1. e4 c5 2. Nc3 d6 3. f4 Nf6 4. Nf3 e6 5. Bc4 a6 6. a4 Be7 7. d3 Nc6 8. Be3 b6
9. Ne2 d5 10. exd5 exd5 11. Bb3 Ng4 12. Qd2 Bb7 13. h3 Nxe3 14. Qxe3 Qd7 15.
O-O O-O 16. c3 Bf6 17. d4 Rfe8 18. Ne5 Bxe5 19. fxe5 cxd4 20. cxd4 Na5 21. Bc2
Rac8 22. Bf5 Nc4 23. Qf4 Qe7 24. Bxc8 Rxc8 25. b3 Na5 26. Ng3 Rc3 27. Nf5 Qf8
28. e6 f6 29. Rae1 1-0

[Event "ODEM U25A 2011"]
[Site "Oberhof GER"]
[Date "2011.06.12"]
[Round "1"]
[White "Häusler, Yannick"]
[Black "Wimmer, Martin"]
[Result "1/2-1/2"]
[Termination "normal"]
[Board "26"]
[WhiteElo "1619"]
[BlackElo "1879"]
[PlyCount "56"]
[WhiteFideId "12935891"]
[BlackFideId "24683680"]
[EventCountry "GER"]
[EventRounds "9"]
[EventType "swiss"]
[EventDate "2011.06.11"]

1. e4 c6 2. d4 d5 3. Nc3 dxe4 4. Nxe4 Bf5 5. Ng3 Bg6 6. Bc4 e6 7. Nf3 Bd6 8.
O-O Nd7 9. Re1 Ne7 10. c3 O-O 11. Nh4 Qc7 12. Bg5 Nb6 13. Bb3 c5 14. Bxe7 Bxe7
15. Nxg6 hxg6 16. Qg4 c4 17. Bc2 Bf6 18. h4 Rae8 19. Ne4 Nd5 20. g3 b5 21. h5
gxh5 22. Qxh5 g6 23. Qf3 Bg7 24. Kg2 e5 25. Ng5 Nf6 26. dxe5 Rxe5 27. Rxe5 Qxe5
28. Ne4 Nxe4 1/2-1/2

[Event "ODEM U25A 2011"]
[Site "Oberhof GER"]
[Date "2011.06.12"]
[Round "1"]
[White "Linnemann, Niklas"]
[Black "Hoffmann, Dustin"]
[Result "1-0"]
[Termination "normal"]
[Board "27"]
[WhiteElo "1847"]
[BlackElo "1728"]
[PlyCount "31"]
[WhiteFideId "24695645"]
[BlackFideId "1270566"]
[EventCountry "GER"]
[EventRounds "9"]
[EventType "swiss"]
[EventDate "2011.06.11"]

1. e4 c5 2. Nf3 Nc6 3. d4 cxd4 4. Nxd4 Nf6 5. Nc3 e5 6. Ndb5 d6 7. Bg5 a6 8.
Na3 b5 9. Bxf6 gxf6 10. Nd5 Bg7 11. c3 Bb7 12. Nc2 Ne7 13. Nce3 O-O 14. Nxe7+
Qxe7 15. Nf5 Qe6 16. Qg4 1-0

[Event "ODEM U25A 2011"]
[Site "Oberhof GER"]
[Date "2011.06.12"]
[Round "1"]
[White "Garbe, Maximilian"]
[Black "Ehlers, Michael"]
[Result "0-1"]
[Termination "normal"]
[Board "28"]
[WhiteElo "1686"]
[BlackElo "1932"]
[PlyCount "64"]
[WhiteFideId "12913855"]
[BlackFideId "4674537"]
[EventCountry "GER"]
[EventRounds "9"]
[EventType "swiss"]
[EventDate "2011.06.11"]

1. e4 c5 2. Nf3 a6 3. d4 cxd4 4. Nxd4 Nf6 5. Nc3 e5 6. Nf3 Bb4 7. Bd3 d5 8. Qe2
d4 9. a3 Qa5 10. O-O dxc3 11. b3 Be7 12. h3 Nbd7 13. Be3 O-O 14. b4 Qc7 15. Bg5
b5 16. Bxf6 Nxf6 17. Nh2 Be6 18. Rfd1 Rfd8 19. Nf1 Rd4 20. Ng3 g6 21. Rab1 Rad8
22. Qe3 Bc4 23. Ne2 Rxd3 24. Rxd3 Bxd3 25. cxd3 c2 26. Rc1 a5 27. d4 axb4 28.
axb4 Bxb4 29. Qb3 Qc4 30. Qxc4 bxc4 31. Rxc2 exd4 32. Rxc4 d3 0-1

[Event "ODEM U25A 2011"]
[Site "Oberhof GER"]
[Date "2011.06.12"]
[Round "1"]
[White "Kardoeus, David"]
[Black "Stark, Timo"]
[Result "0-1"]
[Termination "normal"]
[Board "30"]
[WhiteElo "1730"]
[BlackElo "1842"]
[PlyCount "84"]
[WhiteFideId "12912050"]
[BlackFideId "4670183"]
[EventCountry "GER"]
[EventRounds "9"]
[EventType "swiss"]
[EventDate "2011.06.11"]

1. b3 d5 2. Bb2 Nc6 3. e3 a6 4. Nf3 Bf5 5. d3 e6 6. Nbd2 Nf6 7. Be2 Be7 8. Ne5
Nxe5 9. Bxe5 Bd6 10. f4 Bxe5 11. fxe5 Nd7 12. Nf3 O-O 13. O-O f6 14. exf6 Rxf6
15. Nh4 Bg6 16. Nxg6 Rxg6 17. Bh5 Rf6 18. Qe2 Qe7 19. Rf3 Rxf3 20. Bxf3 Ne5 21.
Rf1 Rf8 22. e4 Qc5+ 23. Qf2 Nxf3+ 24. gxf3 Qc3 25. Qe2 e5 26. Rf2 Qc5 27. exd5
Qxd5 28. Qe4 Qd4 29. Qxb7 Qa1+ 30. Kg2 Qxa2 31. Qd5+ Kh8 32. Qxe5 h6 33. Qxc7
Rf6 34. Qc8+ Kh7 35. Re2 Qa5 36. h4 Rg6+ 37. Kh3 Qa1 38. Qg4 Qf1+ 39. Rg2 Rxg4
40. fxg4 Qf3+ 41. Kh2 Kg6 42. Rg3 Qf2+ 0-1

[Event "ODEM U25A 2011"]
[Site "Oberhof GER"]
[Date "2011.06.12"]
[Round "1"]
[White "Kieslich, Aaron"]
[Black "Dohmann, Dorothea"]
[Result "1-0"]
[Termination "normal"]
[Board "31"]
[WhiteElo "1815"]
[BlackElo "1797"]
[PlyCount "39"]
[WhiteFideId "1270391"]
[BlackFideId "12915459"]
[EventCountry "GER"]
[EventRounds "9"]
[EventType "swiss"]
[EventDate "2011.06.11"]

1. e4 e5 2. Nf3 Nc6 3. d4 exd4 4. Nxd4 Nf6 5. Nxc6 bxc6 6. Bd3 Bc5 7. O-O d6 8.
Nc3 Ng4 9. Qf3 Qh4 10. Bf4 Bd4 11. Bg3 Qg5 12. e5 d5 13. Nxd5 Be6 14. Nxc7+ Kd7
15. Nxe6 fxe6 16. Be2 Nxe5 17. Bxe5 Bxe5 18. Rad1+ Bd6 19. Qf7+ Qe7 20. Rxd6+
1-0

[Event "ODEM U25A 2011"]
[Site "Oberhof GER"]
[Date "2011.06.12"]
[Round "1"]
[White "Zeller, Lukas"]
[Black "Krause, Jonah"]
[Result "0-1"]
[Termination "normal"]
[Board "32"]
[WhiteElo "1662"]
[BlackElo "1911"]
[PlyCount "134"]
[WhiteFideId "1271152"]
[BlackFideId "12907910"]
[EventCountry "GER"]
[EventRounds "9"]
[EventType "swiss"]
[EventDate "2011.06.11"]

1. e4 c6 2. d4 d5 3. Nc3 dxe4 4. Nxe4 Bf5 5. Ng3 Bg6 6. Nf3 Nd7 7. Bd3 e6 8.
Bf4 Ngf6 9. O-O Be7 10. Re1 O-O 11. c3 Qb6 12. Re2 Rfd8 13. Bxg6 hxg6 14. Qe1
c5 15. Rd1 Nd5 16. Bg5 Bxg5 17. Nxg5 cxd4 18. Rxd4 N7f6 19. Red2 Ne7 20. Qd1
Rxd4 21. Rxd4 Nc6 22. Rd2 Qa5 23. h4 Qxa2 24. h5 Qa5 25. f4 Qc5+ 26. Kh2 gxh5
27. Nxh5 Qf5 28. Nxf6+ gxf6 29. Nh3 Kg7 30. g4 Qe4 31. g5 f5 32. Qf1 Rh8 33.
Qf2 Ne7 34. Rd4 Qc6 35. Qe2 Ng6 36. Qe3 Qb6 37. Qd2 Qa6 38. Rd7 Qc4 39. Rd4 Qf1
40. Qe3 e5 41. Rb4 Rd8 42. Nf2 exf4 43. Rxf4 Nxf4 44. Qe5+ Kg8 45. Qxf4 Qb5 46.
b4 Qd7 47. Kg1 Re8 48. Kf1 Qb5+ 49. Kg2 Qe5 50. Qc4 f4 51. g6 Qg5+ 52. Kf1 Qxg6
53. Qxf4 a6 54. Qf3 b6 55. Ng4 Re6 56. Qg3 Kf8 57. Qb8+ Re8 58. Qg3 Qb1+ 59.
Kg2 Re2+ 60. Nf2 Qg6 61. Qxg6 fxg6 62. Kf3 Rxf2+ 63. Kxf2 Ke7 64. Ke3 Ke6 65.
Ke4 a5 66. bxa5 bxa5 67. c4 g5 0-1

[Event "ODEM U25A 2011"]
[Site "Oberhof GER"]
[Date "2011.06.12"]
[Round "1"]
[White "Höpfner, Tim"]
[Black "Mehling, Franziska"]
[Result "1-0"]
[Termination "normal"]
[Board "33"]
[WhiteElo "1936"]
[BlackElo "1542"]
[PlyCount "97"]
[WhiteFideId "4638310"]
[BlackFideId "12900133"]
[EventCountry "GER"]
[EventRounds "9"]
[EventType "swiss"]
[EventDate "2011.06.11"]

1. d4 d5 2. c4 e6 3. Nf3 Nf6 4. g3 c6 5. Nbd2 Nbd7 6. Bg2 Bd6 7. O-O O-O 8. Qc2
Qc7 9. e4 dxe4 10. Nxe4 Nxe4 11. Qxe4 Nf6 12. Qc2 c5 13. dxc5 Bxc5 14. Bf4 Bd6
15. Bxd6 Qxd6 16. Rfd1 Qc7 17. Nd4 Bd7 18. Qb3 Rab8 19. Rac1 Rfd8 20. Nb5 Qb6
21. Rd3 Bxb5 22. Rxd8+ Rxd8 23. Qxb5 Qxb5 24. cxb5 Nd5 25. Bxd5 exd5 26. Rc7
Rb8 27. f3 Kf8 28. Kf2 g6 29. Ke3 Re8+ 30. Kd3 Re7 31. Rc8+ Kg7 32. Ra8 b6 33.
Rd8 Re5 34. Rd7 d4 35. a4 Re3+ 36. Kxd4 Rxf3 37. Rxa7 Rf2 38. b4 Rxh2 39. a5
bxa5 40. b6 Rb2 41. bxa5 h5 42. b7 g5 43. Kc3 Rb1 44. a6 h4 45. gxh4 gxh4 46.
Ra8 h3 47. b8=Q Rxb8 48. Rxb8 h2 49. Rb1 1-0

[Event "ODEM U25A 2011"]
[Site "Oberhof GER"]
[Date "2011.06.12"]
[Round "1"]
[White "Usczeck, Lukas"]
[Black "Baier, Christoph"]
[Result "0-1"]
[Termination "normal"]
[Board "34"]
[WhiteElo "1524"]
[BlackElo "1898"]
[PlyCount "106"]
[WhiteFideId "12937827"]
[BlackFideId "24655759"]
[EventCountry "GER"]
[EventRounds "9"]
[EventType "swiss"]
[EventDate "2011.06.11"]

1. d4 Nf6 2. c4 g6 3. Nc3 Bg7 4. Bg5 h6 5. Bh4 O-O 6. e3 d6 7. Nf3 Nbd7 8. Qc2
c6 9. Be2 e5 10. Nd2 Qc7 11. O-O Nb6 12. f3 exd4 13. exd4 Nh5 14. Bf2 Nf4 15.
Qe4 d5 16. cxd5 Bf5 17. d6 Qxd6 18. Qe3 Rfe8 19. Nde4 Nxe2+ 20. Nxe2 Qb4 21.
Qc3 Qxc3 22. N2xc3 Rad8 23. Nc5 Bc8 24. Nb3 Nc4 25. Rab1 Bf5 26. Rbe1 Nxb2 27.
Rxe8+ Rxe8 28. Re1 Rxe1+ 29. Bxe1 Be6 30. Bf2 b6 31. Ne4 Nd1 32. Ned2 Nxf2 33.
Kxf2 Kf8 34. Ke3 Ke7 35. Nc1 Kd7 36. Ncb3 Bf8 37. Nc1 c5 38. dxc5 Bxc5+ 39. Kd3
Bd6 40. h3 Bf4 41. Ndb3 Bf5+ 42. Kc4 a6 43. Nd3 Be6+ 44. Kd4 Bd6 45. Ndc1 Kc6
46. Nd3 a5 47. Ndc1 a4 48. Nd2 Ba3 49. Nd3 Bxa2 50. Ne5+ Kb5 51. Nd3 Be7 52.
Nc1 Bf6+ 53. Kd3 Be6 0-1

[Event "ODEM U25A 2011"]
[Site "Oberhof GER"]
[Date "2011.06.12"]
[Round "1"]
[White "Dietrich, Franz"]
[Black "Wisheckel, Lena"]
[Result "0-1"]
[Termination "normal"]
[Board "36"]
[WhiteElo "1509"]
[BlackElo "1760"]
[PlyCount "86"]
[WhiteFideId "1270312"]
[BlackFideId "24691992"]
[EventCountry "GER"]
[EventRounds "9"]
[EventType "swiss"]
[EventDate "2011.06.11"]

1. e4 c5 2. Nf3 d6 3. d4 cxd4 4. Nxd4 Nf6 5. Nc3 a6 6. Be2 e6 7. Be3 Be7 8. O-O
O-O 9. Qd2 Nbd7 10. Nb3 b5 11. a3 Bb7 12. f3 Rc8 13. Rac1 d5 14. exd5 Nxd5 15.
Nxd5 Bxd5 16. Rfd1 Ne5 17. Bd4 Bf6 18. Qa5 Bxb3 19. Qxd8 Rfxd8 20. Bxe5 Rxd1+
21. Rxd1 Bxc2 22. Rc1 Bxe5 23. Bd3 Bxb2 24. Rxc2 Rxc2 25. Bxc2 Bxa3 26. Kf2 Kf8
27. Ke3 Ke7 28. h3 h6 29. Ke4 Kd6 30. Kd4 Bc5+ 31. Ke4 a5 32. Kd3 a4 33. g3 g5
34. Ke4 Bf2 35. g4 Kc5 36. Kd3 Kb4 37. Kd2 Ka3 38. Kc1 b4 39. Kb1 b3 40. Bd3
Kb4 41. Kb2 a3+ 42. Kc1 a2 43. Kb2 Bd4+ 0-1

[Event "ODEM U25A 2011"]
[Site "Oberhof GER"]
[Date "2011.06.12"]
[Round "1"]
[White "Pererva, Viktor"]
[Black "Leyrer, Thomas"]
[Result "1-0"]
[Termination "normal"]
[Board "37"]
[WhiteElo "1956"]
[BlackElo "1609"]
[PlyCount "45"]
[WhiteFideId "24696463"]
[BlackFideId "12908274"]
[EventCountry "GER"]
[EventRounds "9"]
[EventType "swiss"]
[EventDate "2011.06.11"]

1. e4 c5 2. Nc3 Nc6 3. f4 e6 4. Nf3 Nge7 5. d3 a6 6. Be3 d6 7. a4 b6 8. g3 d5
9. exd5 exd5 10. d4 Nf5 11. Bf2 Be7 12. Bg2 Bf6 13. Ne5 Ncxd4 14. Nxd5 Ra7 15.
Nxf6+ Qxf6 16. c3 Ne6 17. Bc6+ Kf8 18. O-O Qd8 19. g4 Ne7 20. f5 Qxd1 21. Raxd1
Nxc6 22. Nxc6 Rd7 23. fxe6 1-0